Представление документа в формате MARC21

Поле Инд. ПП Название Значение
Тип записи a
Библиографический уровень b
001 Контрольный номер RU/IS/BASE/126887902
005 Дата корректировки 20200630193216.4
084 a Индекс другой классификации/Индекс ББК 60.561.51
a Индекс другой классификации/Индекс ББК 60.524.224.5
100 1_ a Автор Проневская И. В.
245 a Заглавие Образ семьи в средствах массовой информации
b Продолж. заглавия (опыт контент-анализа)
504 a Библиография Библиогр. ссылки
650 a Основная рубрика социология
a Основная рубрика социология семьи
653 a Ключевые слова кризис семьи
a Ключевые слова образ семьи
a Ключевые слова Россия
a Ключевые слова семейные ценности
a Ключевые слова семья
a Ключевые слова социальная коммуникация
a Ключевые слова средства массовой информации (СМИ)
773 t Заглавие источника Вестник Московского университета. Серия 18, Социология и политология
d Дата издания источника 2003
g Прочая информация № 4. - С. 159 - 165
w Контрольный № источника RU/IS/BASE/124899300
901 t Тип документа b